The Westminster dictionary of the Bible / (Record no. 6680)

MARC details
000 -LEADER
fixed length control field 01098cam a2200313Ia 4500
001 - CONTROL NUMBER
control field 9382
003 - CONTROL NUMBER IDENTIFIER
control field GBCCL
005 - DATE AND TIME OF LATEST TRANSACTION
control field 20241126110608.0
008 - FIXED-LENGTH DATA ELEMENTS--GENERAL INFORMATION
fixed length control field 740124s1944 pauabf d 00010 eng
010 ## -
-- 44008645
035 ## - SYSTEM CONTROL NUMBER
System control number OCM00781774
040 ## - CATALOGING SOURCE
Original cataloging agency DLC
Transcribing agency KEN
Modifying agency m.c.
-- OCL
-- LBB
049 ## -
-- LBBK
050 0# -
-- BS440
-- .D3 1944
082 0# - DEWEY DECIMAL CLASSIFICATION NUMBER
Classification number 220.3
Item number DAV
092 ## - LOCALLY ASSIGNED DEWEY CALL NUMBER (OCLC)
Classification number 220.3
Item number D262, 1944
100 1# - MAIN ENTRY--PERSONAL NAME
Personal name Davis, John D.,
Dates associated with a name 1854-1926.
9 (RLIN) 11936
245 14 - TITLE STATEMENT
Title The Westminster dictionary of the Bible /
Statement of responsibility, etc. by John D. Davis.
250 ## - EDITION STATEMENT
Edition statement Revised and rewritten /
Remainder of edition statement by Henry Snyder Gehman.
260 ## - PUBLICATION, DISTRIBUTION, ETC.
Place of publication, distribution, etc. Philadelphia :
Name of publisher, distributor, etc. Westminster Press,
Date of publication, distribution, etc. c1944.
300 ## - PHYSICAL DESCRIPTION
Extent xii, 658 p.,[2 p1s.], 4 p., [1 p1s.], [16] p. of plates :
Other physical details ill., 16 maps (some col.) ;
Dimensions 24 cm.
440 #0 - SERIES STATEMENT/ADDED ENTRY--TITLE
Title Westminster aids to the study of the Scriptures
9 (RLIN) 1980
500 ## - GENERAL NOTE
General note Previously published under title: A dictionary of the Bible.
630 00 - SUBJECT ADDED ENTRY--UNIFORM TITLE
Uniform title Bible
General subdivision Dictionaries.
9 (RLIN) 510
700 1# - ADDED ENTRY--PERSONAL NAME
Personal name Gehman, Henry Snyder,
Dates associated with a name 1888-
9 (RLIN) 11937
740 0# -
-- Dictionary of the Bible.
740 0# -
-- Davis dictionary of the Bible.
942 ## - ADDED ENTRY ELEMENTS (KOHA)
Source of classification or shelving scheme Dewey Decimal Classification
Koha item type Reference Books
Holdings
Withdrawn status Lost status Source of classification or shelving scheme Damaged status Not for loan Home library Current Library Shelving location Date acquired Total checkouts Full call number Barcode Date last seen Copy number Price effective from Koha item type
    Dewey Decimal Classification     GRACE BIBLE COLLEGE GRACE BIBLE COLLEGE Dictionary 2018-05-24   220.3 DAV 006232 2025-05-01 c.1 2018-05-24 Reference Books
© Grace Bible College Library 2025